000 00297nam a22001217a 4500
008 170503b xxu||||| |||| 00| 0 eng d
041 _aeng
080 _25 ED
_a342
100 _a13
101 _aSHJ
245 _aCIVIL PROCEDURES CASSES MATERIALS AND QUESTIONS
_cFREER.R.D
942 _2udc
_cBK
999 _c12541
_d12541